| 000 | 00404nam a2200157 4500 | ||
|---|---|---|---|
| 003 | SEACOMEC | ||
| 005 | 20251111153132.0 | ||
| 008 | 251111b |||||||| |||| 00| 0 eng d | ||
| 040 | _aSEACOMEC | ||
| 082 |
_a621.382 _bR687 |
||
| 100 | _aRoden, Martin S | ||
| 245 |
_aAnalog and Digital Communication Systems _cMartin S Roden |
||
| 250 | _a5th ed. | ||
| 260 |
_aNavi Mumbai _bShroff _c2004 |
||
| 942 | _cBOOK | ||
| 999 |
_c2633 _d2633 |
||